| Поле | Название | Значение |
| |
Тип записи |
a |
| |
Библиографический уровень |
m |
| 001 |
Контрольный номер |
RU/URAIT/565832 |
| 005 |
Дата корректировки |
20260429163608.2 |
| 008 |
Кодируемые данные |
260429s2025 RU y f j 000 0 rus u |
| 020 |
Индекс ISBN |
__ |
| a |
ISBN |
978-5-534-11699-1 |
| c |
Цена, тираж |
1089.00 |
| 040 |
Источник каталогиз. |
__ |
| a |
Служба первич. каталог. |
ИКО Юрайт |
| c |
Служба, преобразующая запись |
ИКО Юрайт |
| e |
Правила каталог. |
RCR |
| 041 |
Код языка издания |
__ |
| a |
Код языка текста |
rus |
| 044 |
Код страны публикации |
__ |
| a |
Код страны публикации |
RU |
| 080 |
Индекс УДК |
__ |
| a |
Индекс УДК |
711 |
| 084 |
Индекс другой классификации/Индекс ББК |
__ |
| 2 |
Источник индекса |
rubbk |
| a |
Индекс другой классификации/Индекс ББК |
85.113(3) |
| 100 |
Автор |
__ |
| a |
Автор |
Денике Б. П. |
| q |
Полное имя |
Денике Борис Петрович |
| 245 |
Заглавие |
__ |
| a |
Заглавие |
Архитектура Японии. Японская цветная гравюра |
| b |
Продолж. заглавия |
- служебная - для во и спо |
| c |
Ответственность |
Б. П. Денике. |
| 256 |
Характеристики компьютерного файла |
__ |
| a |
Характеристики компьютерного файла |
Электрон. дан. |
| 260 |
Выходные данные |
__ |
| a |
Место издания |
Москва |
| b |
Издательство |
Юрайт |
| c |
Дата издания |
2025 |
| 300 |
Физическое описание |
__ |
| a |
Объем |
194 с |
| 440 |
Серия |
__ |
| a |
Серия |
Антология мысли |
| 500 |
Примечания |
__ |
| a |
Примечание |
URL: https://urait.ru/bcode/565832 (дата обращения: 29.04.2026). |
| 520 |
Аннотация |
__ |
| a |
Аннотация |
Книга известного советского историка искусства, Бориса Петровича Денике, содержащая очерки по истории развития японской архитектуры, — первая попытка выделить особенности и проследить историю развития японского архитектурного и гравюрного искусства. Книга печатается по изданиям 1935 года. Издание предназначено для широкого круга читателей, интересующихся тематикой культуры и искусства. |
| 538 |
Прим. о системных особенностях |
__ |
| a |
Прим. о системных особенностях |
Режим доступа: Электронно-библиотечная система Юрайт, для авториз. пользователей |
| 653 |
Ключевые слова |
__ |
| a |
Ключевые слова |
Искусствознание. История искусств |
| 653 |
Ключевые слова |
__ |
| a |
Ключевые слова |
Гуманитарные науки |
| 653 |
Ключевые слова |
__ |
| a |
Ключевые слова |
Введение в историю искусства |
| 653 |
Ключевые слова |
__ |
| a |
Ключевые слова |
Всеобщая история искусства |
| 653 |
Ключевые слова |
__ |
| a |
Ключевые слова |
История искусства |
| 653 |
Ключевые слова |
__ |
| a |
Ключевые слова |
История искусств |
| 653 |
Ключевые слова |
__ |
| a |
Ключевые слова |
История пространственных и пластических искусств (живопись, скульптура, дизайн, сценография, архитектура) |
| 653 |
Ключевые слова |
__ |
| a |
Ключевые слова |
Материальная культура Японии |
| 653 |
Ключевые слова |
__ |
| a |
Ключевые слова |
Культура Японии |
| 653 |
Ключевые слова |
__ |
| a |
Ключевые слова |
История Японии |
| 653 |
Ключевые слова |
__ |
| a |
Ключевые слова |
История культуры Японии |
| 856 |
Электронный адрес документа |
40 |
| n |
Местонахождение сервера |
Юрайт |
| g |
|
Электронная книга |
| q |
Тип электронного формата |
html |
| h |
Имя пользователя |
ЮРАЙТ |
| v |
Часы доступа к ресурсу |
20271231 |
| 2 |
Способ доступа |
Показать документ |
| x |
Служебное примечание |
https://urait.ru/book/cover/27907729-96DA-4BF4-8ECC-2008B0ADAB87 |
| u |
URL |
https://urait.ru/bcode/565832 |
| 856 |
Электронный адрес документа |
48 |
| q |
Тип электронного формата |
cover |
| u |
URL |
https://urait.ru/book/cover/27907729-96DA-4BF4-8ECC-2008B0ADAB87 |
| 911 |
|
__ |
| u |
|
0030=https://urait.ru/bcode/565832 |
| 911 |
|
__ |
| u |
|
073a=9785534116991 |
| u |
|
073d=1089.00 |
| 911 |
|
__ |
| u |
|
106a=s |
| 911 |
|
__ |
| u |
|
900l= |
| 952 |
Тип литературы |
__ |
| i |
Дисциплина |
Введение в историю искусства |
| 952 |
Тип литературы |
__ |
| i |
Дисциплина |
Всеобщая история искусства |
| 952 |
Тип литературы |
__ |
| i |
Дисциплина |
История искусства |
| 952 |
Тип литературы |
__ |
| i |
Дисциплина |
История искусств |
| 952 |
Тип литературы |
__ |
| i |
Дисциплина |
История пространственных и пластических искусств (живопись, скульптура, дизайн, сценография, архитектура) |
| 952 |
Тип литературы |
__ |
| i |
Дисциплина |
Материальная культура Японии |
| 952 |
Тип литературы |
__ |
| i |
Дисциплина |
Культура Японии |
| 952 |
Тип литературы |
__ |
| i |
Дисциплина |
История Японии |
| 952 |
Тип литературы |
__ |
| i |
Дисциплина |
История культуры Японии |